Inovačná stratégia vo firme Chirana T-Injekta so zameraním na udržateľnosť diplomová práca

Guardado en:
Detalles Bibliográficos
Autor principal: Textorová, Adriana
Autor Corporativo: Obchodná fakulta EU. Katedra tovaroznalectva a kvality tovaru
Otros Autores: Knošková, Ľubica, 1965-
Formato: Libro
Lenguaje:eslovaco
Publicado: Bratislava 2015
Etiquetas: Agregar Etiqueta
Sin Etiquetas, Sea el primero en etiquetar este registro!

MARC

LEADER 00000nbm a2200000 4500
001 0203060
005 20161212103904.0
041 0 |a slo 
044 |a SK 
245 1 0 |a Inovačná stratégia vo firme Chirana T-Injekta so zameraním na udržateľnosť  |b diplomová práca  |c Adriana Textorová ; školiteľ: Ľubica Knošková 
264 1 |a Bratislava  |c 2015 
300 |a 53 s. 
100 1 |a Textorová, Adriana 
700 1 |a Knošková, Ľubica, 1965- 
710 2 |a Obchodná fakulta EU. Katedra tovaroznalectva a kvality tovaru